<?xml version="1.0" encoding="UTF-8"?>
<record
    xmlns:xsi="http://www.w3.org/2001/XMLSchema-instance"
    xsi:schemaLocation="http://www.loc.gov/MARC21/slim http://www.loc.gov/standards/marcxml/schema/MARC21slim.xsd"
    xmlns="http://www.loc.gov/MARC21/slim">

  <leader>00853nam a22002537a 4500</leader>
  <controlfield tag="005">20140827111241.0</controlfield>
  <datafield tag="010" ind1=" " ind2=" ">
    <subfield code="a">ENG-110670</subfield>
  </datafield>
  <datafield tag="020" ind1=" " ind2=" ">
    <subfield code="a">9789339204471</subfield>
    <subfield code="c">799.00</subfield>
  </datafield>
  <datafield tag="020" ind1=" " ind2=" ">
    <subfield code="a">9339204476</subfield>
    <subfield code="c">799.00</subfield>
  </datafield>
  <datafield tag="035" ind1=" " ind2=" ">
    <subfield code="a">EN-94202</subfield>
  </datafield>
  <datafield tag="037" ind1=" " ind2=" ">
    <subfield code="b">DBAD/PUB</subfield>
  </datafield>
  <datafield tag="082" ind1=" " ind2=" ">
    <subfield code="a">658</subfield>
  </datafield>
  <datafield tag="100" ind1=" " ind2=" ">
    <subfield code="a">Fitzsimmons, James A.</subfield>
  </datafield>
  <datafield tag="245" ind1=" " ind2=" ">
    <subfield code="a">Service management :</subfield>
    <subfield code="b">operations, strategy, information technology /</subfield>
    <subfield code="c">by James A. Fitzsimmons [and] Mona J. Fitzsimmons</subfield>
  </datafield>
  <datafield tag="250" ind1=" " ind2=" ">
    <subfield code="a">7th ed</subfield>
  </datafield>
  <datafield tag="260" ind1=" " ind2=" ">
    <subfield code="a">New Delhi</subfield>
    <subfield code="b">McGraw Hill Education </subfield>
    <subfield code="c">2014</subfield>
  </datafield>
  <datafield tag="270" ind1=" " ind2=" ">
    <subfield code="a">P-24, Green Park Extn.</subfield>
    <subfield code="b">New Delhi</subfield>
    <subfield code="e">110016</subfield>
  </datafield>
  <datafield tag="300" ind1=" " ind2=" ">
    <subfield code="a">xviii,541p.</subfield>
    <subfield code="c">28cm(pbk)</subfield>
  </datafield>
  <datafield tag="490" ind1=" " ind2=" ">
    <subfield code="a">The McGraw -Hill/Irwin series operations and decision sciences</subfield>
  </datafield>
  <datafield tag="500" ind1=" " ind2=" ">
    <subfield code="a">Includes index</subfield>
  </datafield>
  <datafield tag="650" ind1=" " ind2=" ">
    <subfield code="a">Service industries</subfield>
    <subfield code="x">Management</subfield>
  </datafield>
  <datafield tag="700" ind1=" " ind2=" ">
    <subfield code="a">Fitzsimmons, Mona J.</subfield>
  </datafield>
  <datafield tag="942" ind1=" " ind2=" ">
    <subfield code="2">ddc</subfield>
    <subfield code="c">EN</subfield>
    <subfield code="m">FIT</subfield>
    <subfield code="h">658</subfield>
  </datafield>
  <datafield tag="999" ind1=" " ind2=" ">
    <subfield code="c">87928</subfield>
    <subfield code="d">87928</subfield>
  </datafield>
  <datafield tag="952" ind1=" " ind2=" ">
    <subfield code="0">0</subfield>
    <subfield code="1">0</subfield>
    <subfield code="4">0</subfield>
    <subfield code="7">1</subfield>
    <subfield code="8">NFIC</subfield>
    <subfield code="a">DBAD</subfield>
    <subfield code="b">DBAD</subfield>
    <subfield code="d">2014-08-20</subfield>
    <subfield code="e">DBAD/PUB</subfield>
    <subfield code="g">799.00</subfield>
    <subfield code="l">0</subfield>
    <subfield code="o">658 FIT</subfield>
    <subfield code="p">EN-94202</subfield>
    <subfield code="r">2014-08-20 00:00:00</subfield>
    <subfield code="t">1</subfield>
    <subfield code="v">799.00</subfield>
    <subfield code="w">2014-08-20</subfield>
    <subfield code="y">EN</subfield>
  </datafield>
</record>
